Landen die links rijden in het verkeer - Statistieken

Algemene statistieken
  • Deze quiz is 17 keer genomen
    10 sinds de laatste reset
  • De gemiddelde score is 35 van 76
Antwoordstatistieken
Antwoord % Correct
Verenigd Koninkrijk
100%
Australië
89%
Ierland
89%
India
89%
Maleisië
89%
Nieuw-Zeeland
89%
Zuid-Afrika
89%
Indonesië
78%
Japan
78%
Kenia
78%
Mozambique
78%
Thailand
78%
Lesotho
67%
Malawi
67%
Oost-Timor
67%
Singapore
67%
Sri Lanka
67%
Tanzania
67%
Antigua en Barbuda
56%
Bahama's
56%
Bangladesh
56%
Barbados
56%
Bhutan
56%
Botswana
56%
Brunei
56%
Dominica
56%
Eswatini
56%
Fiji
56%
Grenada
56%
Kiribati
56%
Maldiven
56%
Mauritius
56%
Namibië
56%
Nauru
56%
Nepal
56%
Oeganda
56%
Pakistan
56%
Saint Kitts en Nevis
56%
Saint Lucia
56%
Saint Vincent en de Grenadines
56%
Samoa
56%
Seychellen
56%
Suriname
56%
Trinidad en Tobago
56%
Tuvalu
56%
Zambia
56%
Zimbabwe
56%
Guyana
44%
Malta
44%
Papoea-Nieuw-Guinea
44%
Salomonseilanden
44%
Tonga
44%
Cyprus
33%
Jamaica
33%
Amerikaanse Maagdeneilanden
11%
Anguilla
11%
Britse Maagdeneilanden
11%
Christmaseiland
11%
Cocoseilanden
11%
Cookeilanden
11%
Falklandeilanden
11%
Guernsey
11%
Hongkong
11%
Jersey
11%
Kaaimaneilanden
11%
Macau
11%
Montserrat
11%
Niue
11%
Norfolk
11%
Pitcairneilanden
11%
Tokelau
11%
Turks- en Caicoseilanden
11%
Alderney
0%
Bermuda
0%
Isle of Man
0%
Sint-Helena
0%
Geen overeenkomende quizzen gevonden
Scoreverdeling
Procent van Mensen met Elke Score
Percentiel versus Aantal Correcte Antwoorden
Uw Scoregeschiedenis
U heeft deze quiz nog niet genomen sinds de laatste reset